000 00634nam a22001937a 4500
999 _c61673
_d61673
005 20240416112810.0
008 240416s2007 enk||||| |||| 00| 0 eng d
020 _a9781573402538x
041 _aeng
080 _a616(084.4) A-90
100 _a
_921805
245 _aAtlas of Internal Medicine /
_cEditor Braunwald Eugene.
250 _aThird edition
264 _aPhiladelphia:
_bSpringer,
_c2007.
300 _a617 p. :
_bill.;
_c32 cm.
653 _aშინაგანი მედიცინის ატლასი
700 _aEugene, Braunwald
_eრედაქტორი
_921806
942 _2udc
_cᲬᲘᲒᲜᲘ